000 01138nam a2200361 i 4500
001
003 DO-SdBNP
005 20250709091105.0
007 ta
008 100521s2017 dr a 000 0 spa d
020 _a9789945168105
040 _aDO-SdBNP
_bspa
_cDO-SdBNP
_erda
041 _aspa
082 4 _a460.7
_bH557cu
_222
100 1 _aHernández, Cristina,
_eautor
_99598
_4aut.
245 1 0 _aCurso superior de lengua española básica II /
_cCristina Hernández, Sonia Medrano
250 _aSegunda edición
264 1 _aSanto Domingo, República Dominicana :
_bEditora Búho,
_c2017.
300 _a124 páginas ;
_c21 cm.
336 _atexto
_btxt
_2rdacontent
337 _asin mediación
_bn
_2rdamedia
338 _avolumen
_bnc
_2rdacarrier
500 _a
504 _aBibliografía: páginas 123-124
590 _aInventariado, 2023/ YL
650 4 _aEspañol
_xEnseñanza
_9406
650 4 _aEspañol
_xGramática
_93475
650 4 _aOrtografía
_xEnseñanza
_99599
700 1 _aMedrano, Sonia
_99600
_eautor
910 _a YLockward/ Validado. Control de calidad MFF
942 _2ddc
_cLBS1
956 _aVMateo
999 _c54395
_d54395